LA Vème république - Politique - Statistiques

Statistiques générales
  • Ce quiz a été pris 1 290 fois
  • Le résultat moyen est 13 sur 20
Statistiques - réponses
Question Réponse % Correct
Quand a été fondé la cinquième république ? 1958
92%
Pourquoi le général de gaulle a t-il démissionné ? Suite à sa défaite lors d'un référundum
90%
Qui n'a jamais été élu deux fois lors de la cinquième république ? Valéry Giscard d'Estaing
89%
Merci d'être allé au bout, relisez vous ! Question facile pour finir Qui est le président actuel ? Emmanuel Macron
86%
La France a vu majoritairement au pouvoir... ? ( en nombre de président ) ? La Droite
86%
Sous quel président la loi sur le mariage pour tous fut adopté ? François Hollande
85%
Quel décision a prit Jacques Chirac lors de l'Election présidentielle de 2002 ? De refuser le débat du second tour
74%
Lequel de ces président n'as jamais connu de cohabitation ? Emmanuel Macron
74%
Quel candidat à remporté son élection avec le score le plus large ? Jacques Chirac
74%
Qui était le/la candidat(e) du parti '' Anti Capitaliste " ? Philippe Poutou
70%
Quel a été le plus long mandat Français depuis 1958 ? François Mittérand
68%
Quel parti a explosé son nombre de député lors des élections législatives 2022 ? ( fois 11 par rapport à 2017 ) ? Rassemblement National
67%
Qui a eu cette stratégie lors d'un débat de second tour: On lui reprochait d'être nerveux, lors du débat, ce candidat considéré nerveux a poussé son adversaire à s'énerver ( chose réussi ), et à donc pointé son adversaire comme étant nerveuse, et lui paraissait plus calme, et s'exclama " Pour être président de la république, faut être calme ! " Nicolas Sarkozy
64%
Combien de femmes ont déjà atteint un second tour de l'élection présidentielle ? 2
62%
Quel député à un jour pensé qu'un pain au chocolat coûtait entre 0,10€ et 0,15€ d'Euros ? Jean François Copé
58%
Quel est le finaliste perdant face à Georges Pompidou en 1969 Alain Poher
53%
Alain Poher a gouverné.... fois 2
39%
Qui est le président du groupe " Les républicains " ? Christian Jacob
39%
Quel était le résultat du vote ( du mariage pour tous ) ? ( 566 votants à ce scrutin ) POUR-CONTRE-ABST 331-225-10
32%
Qui a récolté le plus de parrainages lors de l'élection présidentielle 2022 ? Valérie Pecresse
26%
Aucun quiz correspondant
Distribution des résultats
% des personnes avec chaque résultat
Percentile par nombre de réponses
Votre historique - résultats
Vous n’avez pas pris ce quiz